Cities by Tallest Second-tallest Building - Statistics

General Stats
  • This quiz has been taken 20 times
  • The average score is 9 of 16
Answer Stats
City Height Building Rank % Correct
New York City 472 m Central Park Tower 15
100%
Shanghai 492 m ________ World Finance Center 12
94%
Dubai 425 m Marina 101 34
88%
Hong Kong 412 m Two International Finance Centre 41
82%
Kuala Lumpur 454 m The Exchange 106 19
82%
Moscow 354 m OKO South Tower 92
82%
Chicago 423 m Trump International Hotel and Tower 35
76%
Guangzhou 439 m ________ International Finance Center 28
71%
Wuhan 443 m ________ Center 25
65%
Chongqing 355 m Raffles City ________ 90
53%
Shenzhen 442 m KK100 27
47%
Nanjing 426 m ________ Financial City Tower 1 32
35%
Nanning 381 m Logan Century Center 1 58
12%
Suzhou 358 m Greenland Group ________ Center 81
12%
Jinan 360 m Ping An Finance Center Tower 1 77
6%
Dalian 370 m ________ International Trade Center 68
0%
No matching quizzes found
Score Distribution
Percent of People with Each Score
Percentile by Number Answered
Your Score History
You have not taken this quiz